000 01001cam a2200241 a 4500
003 CO-ViMGA
008 980424n00000000sp 0 spa d
020 _a8427711441
040 _aCO-ViMGA
_bspa
_cCO-ViMGA
082 0 4 _a305.42 /
_bA75
100 1 _aAslanbeigui, Nahid
_d1954-
_91678
245 0 _aMujeres en tiempos de transformaciones economicas
_bimpacto en el genero de las reformas en países post-socialistas y en vias de desarrollo
_cNahid Aslanbeigui, Steven Pressman y Gale Summerfield ; traducción : Arantxa Lopez
260 _aMadrid
_bNarcea
300 _a264 p.
504 _aIncluye referencias bibliográficas:
_b105
590 _aLa presente obra ha sido editada mediante ayuda del Instituto de la Mujer
650 2 4 _aMujeres en el desarrollo de la comunidad
_zEuropa
_91680
650 2 4 _aMujeres
_xCondiciones sociales
_zEuropa
_91679
700 1 _aLopez, Arantxa
_eTr.
_91683
700 1 _aPressman, Steven
_91681
700 1 _aSummerfield, Gale
_d1948-
_91682
942 _2ddc
_cBK
999 _c33566
_d33566